Регионална библиотека "Любен Каравелов" - Русе

Неизживени спомени (Запис номер 4939)

MARC детайли
000 -Лидер
Контролно поле с фиксирана дължина 01397nam a2200349 c 4500
003 - Код на организацията, давaща контролен номер
Контролно поле BLK
005 - Дата и час на последна редакция
Контролно поле 20231229005232.0
008 - Елементи от данни с фиксирана дължина
fixed length control field 180412b bul|||||r ||||||| ||bul||
010 ## - Наследен системен номер
LC control number KNG00006109000
020 ## - Международен стандартен номер на книга ISBN
Международен стандартен номер на книга ISBN 954-409-103-3
-- издат.: Плеяда - на том(кн. 1)
040 ## - Източник на каталожния запис
Идентификатор на билиотеката - собственик на записа BLK
041 ## - Код за език
Код за езика на текст/звукозапис или на отделно заглавие Български
Код за езика КДБФ Български
080 ## - УДК
Текстов определител УДК Американска литература (на САЩ)
УДК код - определител по УДК 821.111(73)
УДК определител -31
УДК - код + определител 821.111(73)-31
100 ## - Редна дума - Автор
Автор Кинг, Стивън
R(LIN) 241662
139 ## - Редно поле
Редна дума Кинг, Стивън
Авторски знак Кин - К 54
245 10 - Сведения за заглавието
Заглавие Неизживени спомени
Подзаглавни данни Роман : Кн. 1 - 2
Редно поле (дума) Стивън Кинг; прев. от англ. Ирена Ангелова Алексиева.
Том Кн. 1
257 ## - Страна на издаване
Страна на създаване/издаване Съединени американски щати
260 ## - Област на издателските данни
-- София
Година на издаване 1994 -
Печатница Враца : Полипринт
300 ## - Физическа характеристика
Размери/Мащаб 20 см
380 ## - Жанр
Жанр Худож. лит.
500 ## - Общи забележки
Забележка Без сведение за ориг. загл. - Офс. изд.
653 ## - Ключова дума – ненормативна
Ключова дума романи
653 ## - Ключова дума – ненормативна
Ключова дума хорър
700 1# - Други автори (авторска отговорност)
Лично име Алексиева, Ирена Ангелова
Автороска отговорност (Описва отношението между автора и произведението) прев. от англ.
9 (RLIN) 244414
760 1# - Описание на основната серия
-- - на том(кн. 1)
Редна дума на основното описание Кинг, Стивън
Място на издаване, издател и година Плеяда, 1994
Страници - том 366 с.
Забележка - том 15 000 тир.
Заглавие Кн. 1
852 ## - Местоположение
Форматна сигнатура Цб 179992
856 4# - Електронен адрес и достъп
Електронен формат pdf - файл
Път до файла /url/
856 4# - Електронен адрес и достъп
Електронен формат pdf - файл
Път до файла /url/
942 ## - АРТИКУЛИ
Вид на библиотечния материал Книги
Скрит в OPAC Не
Koha issues (borrowed), all copies 5
944 ## - СЪЗДАВАНЕ И РЕДАКЦИЯ на ЗАПИСА
Създаване/Редакция Създаване
Дата на регистрацията/редакция 15.01.2003
Статус, дата на статуса CRON CRON
Служител, извършил регистрацията/редакцията
944 ## - СЪЗДАВАНЕ И РЕДАКЦИЯ на ЗАПИСА
Създаване/Редакция Редакция
Дата на регистрацията/редакция 10.10.2011
Статус, дата на статуса ф /
Служител, извършил регистрацията/редакцията
999 ## - СИСТЕМНИ КОНТРОЛНИ НОМЕРА
Koha biblionumber 4939
Koha biblioitemnumber 4939
Наличности
Код за отписване Код за изгубен артикул Източник на класификационната схема Код за повреда Коз за рестрикции Код за отдаване Артикулен № Име на библиотеката - собственик Име на библиотеката, в която се намира в момента Статус (Текущо местоположение) Дата на вписване в системата Местоположение - отдел Цена в лева Инвентарен номер Систематично азбучна сигнатура Баркод Номер на екземпляра Цена в евро Служебна бележка Служебен тип на артикула
  Не е изгубен Universal Decimal Classification Не е повреден без рестрикции ползва се в читалня 8728 Регионална библиотека "Любен Каравелов" Русе Регионална библиотека "Любен Каравелов" Русе Хранилище 2001-01-01 Хранилище 0.78 610402 Цб 179992 120000610402 1 0.40 Дост: Dp Вид: Д N: стар фонд Дата: 01.01.1994 Дата инв: 18.05.2015 Бележки инв: Цб2015 Книги
Изтеглен Не е изгубен Universal Decimal Classification Не е повреден без рестрикции заемане за дома 8729 Регионална библиотека "Любен Каравелов" Русе Регионална библиотека "Любен Каравелов" Русе Заемна - подръчен фонд 2005-04-22 Заемна - подръчен фонд 3.00 120000693438 Цб 179992 120000693438 2 1.53 Дост: Pk Вид: Ф N: 6 Дата: 21.04.2005 Книги
Изтеглен Не е изгубен Universal Decimal Classification Не е повреден без рестрикции заемане за дома 8730 Регионална библиотека "Любен Каравелов" Русе Регионална библиотека "Любен Каравелов" Русе Заемна - подръчен фонд 1994-01-01 Заемна - подръчен фонд 0.78 609479 П 820(73)-31/К 54 609479 3 0.40 Дост: Pk Вид: Ф N: стар фонд Дата: 01.01.1994 Книги
Изтеглен Не е изгубен Universal Decimal Classification Не е повреден без рестрикции заемане за дома 8731 Регионална библиотека "Любен Каравелов" Русе Регионална библиотека "Любен Каравелов" Русе Заемна - подръчен фонд 1994-01-01 Заемна - подръчен фонд 1.74 609480 П 820(73)-31/К 54 609480 4 0.89 Дост: Pk Вид: Ф N: стар фонд Дата: 01.01.1994 Дата инв: 13.02.2018 Бележки инв: П2018 Книги
Изтеглен Изгубен Universal Decimal Classification Не е повреден без рестрикции заемане за дома 8732 Регионална библиотека "Любен Каравелов" Русе Регионална библиотека "Любен Каравелов" Русе Заемна - подръчен фонд 2011-09-07 Заемна - подръчен фонд 4.00 120000752951 П 820(73)-31/К 54 120000752951 5 2.05 Дост: DA Вид: А N: 14 Дата: 07.09.2011 Книги
Vip Innovations Ltd, Rousse, Bulgaria 2025